Panduan berdoa dari Al-Quran & As-Sunnah [

Bibliographic Details
Main Author: Siti Nor Bahyah Mahamood
Format: Book
Published: Kuala Lumpur : Telaga Biru Sdn Bhd , 2005
Subjects:

MARC

LEADER 00000cam a2200000 7i4500
001 0000134066
005 20090729.0
090 0 0 |a 297.3824   |b SIT 
100 0 |a Siti Nor Bahyah Mahamood   |f Ustazah 
245 1 0 |a Panduan berdoa dari Al-Quran & As-Sunnah [  |h cd audio]   |c Ustazah Siti Nor Bahyah Mahamood 
260 |a Kuala Lumpur :   |b Telaga Biru Sdn Bhd ,   |c 2005 
300 |a 1 CD audio (63 minutes) 
500 |a Library has 1 copy 
650 0 0 |a Doas (Islam) 
650 0 0 |a Worship (Islam) 
999 |a AV 24037   |b CD AUDIO   |c PINJAMAN   |e PERPUSTAKAAN KOMUNITI PETALING JAYA